| Поле | Название | Значение |
| |
Тип записи |
a |
| |
Библиографический уровень |
m |
| 001 |
Контрольный номер |
RU/SLIB/B/208754520 |
| 005 |
Дата корректировки |
20201206204147.1 |
| 010 |
Индекс ISBN |
__ |
| d |
Цена |
2-07 |
| 101 |
Язык документа |
__ |
| a |
Язык текста |
rus |
| 200 |
Заглавие и сведения об ответственности |
__ |
| a |
Заглавие |
Советский балетный театр, 1917-1967 |
| f |
Первые сведения об ответственности |
Ин-т истории искусств м-ва культуры СССР ; Ленингр. Гос. ин-т театра, музыки и кинематографии |
| b |
Общее обозначение материала |
Текст |
| 210 |
Выходные данные |
__ |
| a |
Место издания |
М. |
| c |
Издательство |
Искусство |
| d |
Дата издания |
1976 |
| 215 |
Физическое описание |
__ |
| a |
Объем |
376 с. |
| c |
Иллюстрации/тип воспроизводства |
ил. |
| 606 |
Тематические рубрики |
__ |
| a |
Основная рубрика |
Музыка и зрелищные искусства |
| 606 |
Тематические рубрики |
__ |
| a |
Основная рубрика |
Балетный театр |
| z |
Хронологическая подрубрика |
1917-1967 гг.; 20 в. |
| y |
Географическая подрубрика |
СССР |
| 610 |
Ключевые слова |
__ |
| a |
Ключевые слова |
балетное искусство; история балета; советский балет; русский балет; балетные постановки; персоналии |
| 686 |
Индексы других классификаций |
__ |
| a |
Классификационный индекс |
85.335.42(2) |
| 801 |
Источник записи |
_0 |
| a |
Страна |
RU |
| b |
Организация |
Муниципальное бюджетное учреждение культуры "Централизованная библиотечная система" г. Сургут (Центральная городская библиотека им. А. С. Пушкина) |
| g |
Правила каталогизации |
КиК/Уланова |
| 801 |
Источник записи |
_1 |
| a |
Страна |
RU |
| b |
Организация |
Муниципальное бюджетное учреждение культуры "Централизованная библиотечная система" г. Сургут (Центральная городская библиотека им. А. С. Пушкина) |
| g |
Правила каталогизации |
КиК/Уланова |
| 852 |
Данные о местонахождении |
__ |
| j |
Шифр хранения |
85.335.42(2) |
| i |
Авторский знак |
С 56 |
| p |
Инвентарный номер |
1564, 47835(с) |
| 901 |
Тип документа |
__ |
| t |
Тип документа |
m |
| 990 |
Данные о заказе (DOS) |
__ |
| j |
Количество экземпляров (DOS) |
2 |